000 00997nac a22002651u 4500
010 _a 2007000497
020 _a0132397609
020 _a9780132397605
035 _a(OCoLC)ocm79001577
035 _a(OCoLC)79001577
082 0 0 _a658.408
_bGOE
090 _c8884
_d8884
100 _aGoetsch, David L.
245 1 0 _aOccupational safety and health for technologists, engineers, and managers /
_cDavid L. Goetsch.
250 _a6th ed.
_bPearson International ed.
260 _aUpper Saddle River, N.J. :
_bPearson Prentice Hall,c2008.
_cc2008.
300 _axxiv, 952 p. :
_bill. ;
_c25 cm.
500 _aDistributer: Baccah.
504 _aIncludes bibliographical references and index.
511 _aCatalogued By: Mahitab.
650 0 _aIndustrial safety
_zUnited States.
650 0 _aIndustrial hygiene
_zUnited States.
856 4 1 _3Table of contents only
_uhttp://www.loc.gov/catdir/toc/ecip078/2007000497.html
942 _cBB
_k658.408GOE
999 _c8884
_d8884